Cleopatra's palace : in search of a legend

Saved in:

Main Author: Laura Foreman

Format: Book

Language: Undetermined

Published: Del mar , calif Discovery Books. 1999

Subjects:

Tags: Add Tag

No Tags, Be the first to tag this record!

Call Number: (L) DT92. 7 .F64

LEADER 00687nam a2200193Ia 4500
008 221124s9999||||xx |||||||||||||| ||und||
020 |a 067-946-260-0 
050 4 |a (L) DT92. 7 .F64 
100 1 |a Laura Foreman 
245 1 0 |a Cleopatra's palace : in search of a legend 
264 1 |a Del mar , calif  |b Discovery Books.  |c 1999 
300 |a 201.p  |b color  |c 26 cm. 
504 |a Includes index. 
650 4 |a Cleopatra, Queen of Egypt, -30 B.C 
650 4 |a Egypt History 332-30 B.C 
650 4 |a Underwater archaeology Egypt Alexandria 
942 |2 lcc  |c BK 
952 |0 0  |1 0  |2 lcc  |4 0  |7 1  |9 44041  |a ARCE  |b ARCE  |d 2022-11-24  |l 0  |o (L) DT92. 7 .F64  |p 1023601  |r 2022-11-24 00:00:00  |w 2022-11-24  |y BK 
999 |c 50498  |d 50498